000 01184nam a2200229Ia 4500
003 Ost
005 20260507074950.0
008 260507s9999||||xx |||||||||||||| ||und||
020 _a9957062069
040 _cfsecg
041 _aara
082 _a519.53
100 _aالجادري، عدنان حسين
_eمؤلف
245 0 _aالاحصاء الوصفي :
_bفي العلوم التربوية /
_c عدنان حسين الجادري
250 _aطبعة 2
260 _aعمان:
_bدار المسيرة للنشر والتوزيع,
_c2007
300 _a391 صفحة؛
_bإيضاحات ؛
_c25 سم
504 _aط.1 : 2003؛ ببليوغرافيا: ص.385-386 ط.2 : 2007؛ الملاحق: ص.387-391
520 _aعلم الإحصاء،الطريقة الإحصائية،طرق عرض البيانات،تبويب البيانات،مقاييس النزعة المركزية،المئينات والربيعات والعشيرات،مقاييس التشتت،الإحتمالات والتوزيعات الإحتمالية،الإرتباط،تحليل الإنحدار،السلاسل الزمنية
653 _aالإحصاء الوصفي
942 _cكتاب
999 _c41990
_d41990